Profile: Thomas Jefferson Quiz Stats

 Plays Quiz Updated Apr 25, 2017

Challenge
Share
Tweet
Embed
Score 0/20 Timer 04:00
0 Plays Today
Hint Answer % Correct
Number of Times Elected to PresidencyTwo
94.9%
Colony BornVirginia
94.2%
Preceded byJohn Adams
93.6%
Vice President UnderJohn Adams
93.5%
Primary Author Of (1776)Declaration of Independence
89.2%
Sec. of State UnderGeorge Washington
88%
Succeeded byJames Madison
84.6%
1803 Territorial AdditionLouisiana Purchase
81.7%
Year Died1826
68.6%
Expedition CommissionedLewis and Clark Expedition
67.2%
Hint Answer % Correct
Primary PlantationMonticello
66%
University AttendedCollege of William & Mary
59.3%
Year Born1743
58.8%
Vice Presidents (name one)Aaron Burr & George Clinton
55.9%
Amendment Ratified (1804)Twelfth Amendment
49.2%
Political PartyDemocratic-Republican
48.3%
Children (name one)Martha/Jane/Mary/Lucy
47.5%
SpouseMartha Wayles
39.4%
City of University he FoundedCharlottesville
38.8%
Zodiac SignAries
28.7%

You're not logged in!

Compare scores with friends on all Sporcle quizzes.
OR
Log In

You Might Also Like...

Show Comments

Extras

Top Quizzes Today


Score Distribution

Your Account Isn't Verified!

In order to create a playlist on Sporcle, you need to verify the email address you used during registration. Go to your Sporcle Settings to finish the process.

Report this User

Report this user for behavior that violates our Community Guidelines.

Details: